Časom to bude lepšie...

Primátor Bratislavy Peter Kresánek o problémoch hlavného mesta SR (byty, doprava) a o možnostiach ich riešenia. Spolupráca Magistrátu so samosprávami jednotlivých mestských častí.

Salvato in:
Dettagli Bibliografici
Autore principale: Kresánek, P.
Altri autori: Horváthová, K.
Natura: Capitolo di libro
Lingua:slovacco
Soggetti:
Tags: Aggiungi Tag
Nessun Tag, puoi essere il primo ad aggiungerne!!

MARC

LEADER 00000naa a2200000 4500
001 r020147
005 20230801103440.4
041 0 |a slo 
044 |a SK 
245 1 0 |a Časom to bude lepšie...  |c P. Kresánek, K. Horváthová 
520 |a Primátor Bratislavy Peter Kresánek o problémoch hlavného mesta SR (byty, doprava) a o možnostiach ich riešenia. Spolupráca Magistrátu so samosprávami jednotlivých mestských častí. 
610 2 0 |a Slovensko 
610 2 0 |a Bratislava 
610 2 0 |a správa miestna 
610 2 0 |a orgány zastupiteľské 
610 2 0 |a Magistrát hl. m. SR Bratislavy 
100 1 |a Kresánek, P. 
700 1 |a Horváthová, K.